| 000 | 00000nas 2200000za 4500 |
| 001 | 9.502870 |
| 003 | CaOODSP |
| 005 | 20221107133150 |
| 007 | cr ||||||||||| |
| 008 | 150406d20082015oncar p o f0 b0fre|d |
| 022 | |a1925-7961 |
| 040 | |aCaOODSP|bfre |
| 043 | |an-cn--- |
| 086 | 1 |aIu1-4/2F-PDF |
| 110 | 1 |aCanada. |bIndustrie Canada. |
| 222 | 0|aRapport annuel de ... concernant la Loi sur la protection des renseignements personnels |
| 245 | 10|aRapport annuel de ... concernant la Loi sur la protection des renseignements personnels |h[ressource électronique] / |cIndustrie Canada. |
| 260 | |a[Ottawa] : |bIndustrie Canada, |c[2008-2015] |
| 310 | |aAnnuel |
| 362 | 1 |aParaît depuis 2007/2008; ne paraît plus après 2014/2015. |
| 500 | |aPubl. aussi en anglais sous le titre : Annual report on the Privacy Act. |
| 520 | 3 |aDécrit comment Industrie Canada s'est acquitté de ses responsabilités au cours de l’année d'application de la Loi sur la protection des renseignements personnels. |
| 691 | 07|aVie privée|2gcpds |
| 775 | 08|tAnnual report on the Privacy Act |w(CaOODSP)9.506474 |
| 776 | 0#|tIndustrie Canada - rapport annuel de [...] concernant la Loi sur la protection des renseignements personnels |w(CaOODSP)9.511685 |
| 780 | 00|tLoi sur l'accès à l'information et Loi sur la protection des renseignements personnels, rapports annuels.|w(CaOODSP)9.890378 |
| 785 | 00|tRapport annuel concernant la Loi sur la protection des renseignements personnels.|w(CaOODSP)9.814921 |